Changing homosexuality in the male : Treatment for men troubled by homosexuality /

Đã lưu trong:
Chi tiết về thư mục
Tác giả chính: Hatterer, Lawrence J.
Định dạng: Sách
Ngôn ngữ:Tiếng Anh
Được phát hành: New York MacGraw-Hill Book Company c1970
Phiên bản:5. ed.
Các nhãn: Thêm thẻ
Không có thẻ, Là người đầu tiên thẻ bản ghi này!

MARC

LEADER 00000nam a2200000 4500
001 CDOM0000001056
003 mi
005 20250921131209.0
008 700601s1970 nyu b 001 0 eng
040 |c mi 
082 |a 616.85834 
100 |a Hatterer, Lawrence J. 
245 1 |a Changing homosexuality in the male :  |b Treatment for men troubled by homosexuality /  |c Lawrence J. Hatterer 
250 |a 5. ed. 
260 |a New York  |b MacGraw-Hill Book Company  |c c1970 
300 |a IX, 492 p.  |c 24 cm. 
504 |a Bibliography: p. 485-486. 
942 |2 ddc  |c BK 
952 |0 0  |1 0  |2 ddc  |4 0  |6 B_SMD03HATLACHA11  |7 0  |9 8181  |a MI  |b MI  |d 2005-08-11  |i 4943  |l 0  |o B-SMD03-HATLA-CHA11  |p CDOM4943  |r 2025-07-17 21:50:00  |w 2025-07-17  |x ACQUISTO  |y BK 
999 |c 6846  |d 6846